| 000 | 01400cam a22003134a 4500 | ||
|---|---|---|---|
| 001 | 11778301 | ||
| 005 | 20050118205710.0 | ||
| 008 | 990810s2000nyu |rb 001 0 eng | ||
| 010 | _a 99042150 | ||
| 020 | _a0333777123 (pbk.) | ||
| 035 | _a(DLC) 99042150 | ||
| 040 |
_aDLC _cDLC _dDLC |
||
| 042 | _apcc | ||
| 050 | 0 | 0 |
_aJC311 _b.O93 2000 |
| 082 | 0 | 0 |
_a320.54 _222 _bOZK |
| 100 | 1 |
_aOzkrml, Umut. _910993 |
|
| 245 | 1 | 0 |
_aTheories of Nationalism : _bA Critical Introduction / _cUmut Ozkrml ; foreword by Fred Halliday. |
| 260 |
_aNew York : _bSt. Martin's Press, 2000 _c2000. |
||
| 300 |
_axi, 253 p. ; _c23 cm. |
||
| 500 | _aBased on the author's Ph.D. dissertation. | ||
| 504 | _aIncludes bibliographical references (p. 234-246) and index. | ||
| 650 | 0 |
_aNationalism. _910994 |
|
| 856 | 4 | 2 |
_3Contributor biographical information _uhttp://www.loc.gov/catdir/bios/hol057/99042150.html |
| 856 | 4 | 2 |
_3Publisher description _uhttp://www.loc.gov/catdir/description/hol056/99042150.html |
| 856 | 4 | 1 |
_3Table of contents _uhttp://www.loc.gov/catdir/toc/hol053/99042150.html |
| 942 |
_2ddc _cBB |
||
| 999 |
_c13289 _d13289 |
||